Дело о печатании списков лиц дипломатического корпуса. Сообщения посольств об изменениях, происшедших в личном составе их, корре...

Доступно только в Электронных читальных залах Найти на картеНа карте
RUSMARC
00003738nmc2a22002413x 450
00195289d77-b260-445e-ac17-157f0f1ace9f
00520251031232528.0
100##$a20250609l19151916k l0rusy0189 ca
1010#$arus
$afre
102##$aRU
105##$ay###
1222#$ad
2001#$aДело о печатании списков лиц дипломатического корпуса. Сообщения посольств об изменениях, происшедших в личном составе их, корректурные листы списка личного состава посольств на 1916 год и рассылка вновь изданных списков посольств на январь 1916 года
$j27 июля 1915 г. - 1916 г.
215##$a159 л.
$d36,5х26 см
251##$cДело
300##$aНа русском и французском языках
371##$aДокумент не является опубликованным и широко распространяемым
461#0$10011beca410-31e9-4f28-916a-592ca9443f69
$12001
$aЦеремониальная часть Министерства императорского двора
$1251
$cФонд
$1852
$j473
462#0$1001a54d7da2-27dc-4d4e-832c-8830aaafd738
$12001
$aЦеремониальная часть Министерства императорского двора
$1251
$cОпись
$1852
$j3
801#0$aRU
$bРГИА
$c20250609
$gRCR
801#1$aRU
$bГлавНИВЦ
$c20250609
$2rusmarc
801#2$aRU
$bПБ им. Б.Н. Ельцина
$c20251031
$gRCR
$2rusmarc
850##$aРГИА
852##$aРГИА
$eФедеральное казенное учреждение "Российский государственный исторический архив" (РГИА)
$j760
937##$hРГИА
$d12424852
$aASBIBLIO_SCAN
035##$aRusGRCC00086832
856##$uhttp://readingroom.main.prlib.ru/item.aspx?id_node=n198832981&mode=full
Формат отображения